000 00630nam a2200241Ia 4500
003 OSt
005 20221005120645.0
006 a|||||r|||| 00| 0
007 ta
008 221004b |||||||| |||| 00| 0 eng d
024 _a61503
037 _cTextual
040 _aCRL
_cCRL
_beng
041 _2eng
_aeng
082 _aV1:1:N5, 122K6
100 _aCrouzet Maurice
_9629486
245 0 _aEpoque contemporaine
_b A la recherche d'une civilisation nouvelle.
250 _a4th
260 _c1966
650 _aHISTORY
942 _hV1:1:N5, 122K6
_cTEXL
_2cc
999 _c1038716
_d1038716